Statistics for Handel's Messiah: Hallelujah Chorus

Click here to take the quiz!

General Stats

  • This quiz has been taken 91 times
  • The average score is 17 of 26

Answer Stats

Answer% Correct
Hallelujah!
96%
the
86%
The
86%
Lord
85%
for
80%
he
79%
and
77%
of
77%
reign
76%
God
73%
King
73%
shall
72%
ever
69%
kings
69%
Lords
68%
forever
62%
reigneth
61%
Omnipotent
58%
Christ
54%
is
54%
our
54%
kingdom
51%
his
48%
world
46%
this
45%
become
42%

Score Distribution

Percentile by Number Answered

Percent of People with Each Score

Your Score History

You have not taken this quiz